000 00882nam0a2200277 4500
001 RU\NLR\bibl\942004
005 20250614195039.0
010 _a5-352-01681-1
_95000
021 _aRU
_b2006-11095
_9539
035 _a(NLR Aleph) 000930172
090 _a154834
_c154834
100 _a20060502d2006 |||y0rusy50 ca
101 1 _arus
_cger
102 _aRU
105 _ay |||||||||
200 1 _aБерлинский блюз
_e[роман]
_fСвен Регенер
_g[пер. с нем. Виталия Серого]
210 _aСанкт-Петербург
_cАзбука-классика
_d2006
215 _a315, [2] с.
_d20
686 _aШ6(4Ф)07-446{Лх1359.2-60}
700 1 _aРегенер
_bС.
_f1961-
_gСвен
_4070
801 0 _aRU
_bNLR
_c20060502
_grcr
801 1 _aRU
_bNLR
_c20060502
942 _cBOOK
980 _aNB